[Event "AUTO-INT-1368"]
[Site "http://www.queenalice.com/game.php?id=615394"]
[Date "2009.7.8"]
[Round "1"]
[White "francksc"]
[Black "colorado"]
[Result "1-0"]
[WhiteElo "1542"]
[BlackElo "1477"]

1. e4 e5 2. d3 Nc6 3. c3 Qf6 4. f3 b6 5. b4 g6 6. Na3 a5 7. Nb5 Kd8 8. d4 Ba6 9.
g3 Bh6 10. Bh3 Bxb5 11. dxe5 Nxe5 12. f4 Nd3+ 13. Kd2 Nf2 14. Qf3 Nxh1 15. Qxh1
Bg7 16. e5 Qc6 17. Bg2 d5 18. Bxd5 Qd7 19. Ke1 c6 20. Be4 f5 21. Bf3 Ne7 22. Be3
Rb8 23. Rd1 Bd3 24. Bd4 axb4 25. cxb4 Qxd4 26. a3 Qc3+ 27. Kf2 Ra8 28. Be2 Qc2
29. Rxd3+ Nd5 30. Nf3 Kc7 31. Nd4 Qc4 32. Ne6+ Kb7 33. Nxg7 Nc3 34. Rd7+ Kc8 35.
Bxc4 Kxd7 36. Qa1 Nd5 37. e6+ Ke7 38. Bxd5 cxd5 39. Qc1 Rhg8 40. Qc7+ Kf6 41.
Qf7# 1-0

[Event "AUTO-INT-1368"]
[Site "http://www.queenalice.com/game.php?id=615395"]
[Date "2009.7.8"]
[Round "1"]
[White "colorado"]
[Black "PedroBritto"]
[Result "1-0"]
[WhiteElo "1505"]
[BlackElo "1433"]

1. e4 e5 2. Nf3 Nc6 3. c3 d6 4. b4 Nf6 5. Qe2 Bg4 6. h3 Bh5 7. g4 Bg6 8. Qb5
Bxe4 9. Qc4 Bxf3 10. Rg1 Ne4 11. Be2 Qh4 12. Kd1 Qxf2 13. Re1 Qg2 14. d3 Nf2+
15. Kc2 Nxh3 16. d4 Qf2 17. Bd2 d5 18. Qb5 Be4+ 19. Kb3 Rb8 20. dxe5 d4 21. Bd3
Qf3 22. Bxe4 Qxg4 23. Bxc6+ Kd8 24. Re4 Qe6+ 25. Qd5+ Kc8 26. Qxe6+ fxe6 27. Bb5
c5 28. cxd4 cxb4 29. Bxb4 Bxb4 30. Kxb4 Nf2 31. Re3 Nd1 32. Rf3 b6 33. Rf7 a5+
34. Kb3 Ra8 35. Nc3 Ne3 36. Rc1 Rd8 37. Na4+ Kb8 38. Nxb6 Ra7 39. Rf4 Kb7 40.
Na4 Raa8 41. Rf7+ Kb8 42. Rc6 Ra7 43. Rb6+ Rb7 44. Rfxb7+ Kc8 45. Rxg7 Nf5 46.
Ba6# 1-0

[Event "AUTO-INT-1368"]
[Site "http://www.queenalice.com/game.php?id=615396"]
[Date "2009.7.8"]
[Round "1"]
[White "PedroBritto"]
[Black "colorado"]
[Result "0-1"]
[WhiteElo "1454"]
[BlackElo "1490"]

1. e4 e5 2. Nf3 Nc6 3. d4 exd4 4. Nxd4 Qf6 5. Nxc6 Bc5 6. Qe2 Qxc6 7. Qf3 d6 8.
Bc4 Be6 9. Bxe6 fxe6 10. O-O h6 11. Qh5+ Kf8 12. Nc3 Qe8 13. Qf3+ Nf6 14. Nb5 e5
15. Nxc7 Qc8 16. Nxa8 Qxa8 17. Be3 Qd8 18. Rad1 b6 19. c3 Ke8 20. Bd2 a5 21. a3
g5 22. Qf5 Qe7 23. Qc8+ Qd8 24. Qa6 Nxe4 25. Bc1 g4 26. Qc4 Nf6 27. b4 axb4 28.
axb4 d5 29. Qb5+ Qd7 30. Qa6 Be7 31. Qxb6 h5 32. b5 Ne4 33. Be3 Nxc3 34. Ra1 Kf7
35. f3 g3 36. hxg3 h4 37. f4 hxg3 38. fxe5+ Kg7 39. e6 Ne2# 0-1

[Event "AUTO-INT-1368"]
[Site "http://www.queenalice.com/game.php?id=615397"]
[Date "2009.7.8"]
[Round "1"]
[White "colorado"]
[Black "noopy"]
[Result "0-1"]
[WhiteElo "1495"]
[BlackElo "1449"]

1. e4 e5 2. Nf3 Nf6 3. Nc3 b6 4. Nxe5 Bb7 5. h4 d6 6. Nc4 d5 7. exd5 Nxd5 8. g3
Nxc3 9. bxc3 Bxh1 10. f3 Qd5 11. Qe2+ Be7 12. Ne5 f6 13. Qb5+ c6 14. Nxc6 Qxc6
15. Be2 O-O 16. Kf2 Bc5+ 17. d4 Be7 18. Bf4 Qxc3 19. Rxh1 Nc6 20. Bc4+ Kh8 21.
Bd5 Qxc2+ 22. Qe2 Qc3 23. Rc1 Qxd4+ 24. Qe3 Qxd5 25. a4 Bc5 26. Rxc5 bxc5 27. h5
Rae8 28. Qd2 Qxd2+ 29. Bxd2 Rd8 30. Bc3 Rfe8 31. Kg2 h6 32. g4 Re3 33. Ba1 Rd1
34. Bxf6 gxf6 35. Kg3 Nd4 36. Kf4 Rxf3+ 37. Ke4 f5+ 38. Kd5 fxg4 39. Kxc5 g3 40.
a5 Nb3+ 41. Kc6 Nxa5+ 42. Kb5 Rf5+ 43. Ka6 Rxh5 0-1

[Event "AUTO-INT-1368"]
[Site "http://www.queenalice.com/game.php?id=615398"]
[Date "2009.7.8"]
[Round "1"]
[White "noopy"]
[Black "colorado"]
[Result "1-0"]
[WhiteElo "1343"]
[BlackElo "1513"]

1. a3 e5 2. e4 Nf6 3. Qf3 Nc6 4. Nc3 Nd4 5. Qd1 d5 6. d3 c6 7. Nf3 Qd6 8. Be3 h6
9. h3 g5 10. g4 b5 11. Nxd4 exd4 12. Bxd4 dxe4 13. dxe4 Qf4 14. Qe2 Rg8 15. Be3
Qe5 16. O-O-O Nxe4 17. Qd3 Nxc3 18. Qd8# 1-0

[Event "AUTO-INT-1637"]
[Site "http://www.queenalice.com/game.php?id=744475"]
[Date "2010.3.11"]
[Round "1"]
[White "V_Spy"]
[Black "colorado"]
[Result "0-1"]
[WhiteElo "1517"]
[BlackElo "1464"]

1. e4 e5 2. Nf3 Nc6 3. d4 Nxd4 4. Nxd4 exd4 5. Qxd4 c5 6. Qd2 Qh4 7. Nc3 Nf6 8.
g3 Qh5 9. Qd3 b6 10. Nb5 Kd8 11. Bg2 Bb7 12. O-O Ng4 13. h3 Ne5 14. Qc3 Ba6 15.
f4 Bxb5 16. fxe5 Bxf1 17. Bxf1 Be7 18. h4 Qg4 19. Qd3 c4 20. Be2 cxd3 21. Bxg4
dxc2 22. a3 Re8 23. b4 Rc8 24. Kf2 a5 25. bxa5 bxa5 26. Ra2 Rc4 27. Be2 Rxe4 28.
Bd3 Bc5+ 29. Kf3 Re1 30. Rxc2 R8xe5 31. Re2 Rf1+ 32. Rf2 Rxc1 33. g4 Re3+ 0-1

[Event "AUTO-INT-1637"]
[Site "http://www.queenalice.com/game.php?id=744476"]
[Date "2010.3.11"]
[Round "1"]
[White "colorado"]
[Black "V_Spy"]
[Result "1-0"]
[WhiteElo "1444"]
[BlackElo "1537"]

1. e4 e5 2. Nf3 Nc6 3. c3 d6 4. b4 Nf6 5. Bd3 a5 6. b5 Na7 7. a4 Bd7 8. Qb3 h6
9. Na3 Be6 10. Bc4 Nxe4 11. Bxe6 fxe6 12. Qxe6+ Qe7 13. Qg6+ Qf7 14. Qxe4 c6 15.
d4 O-O-O 16. b6 d5 17. Qxe5 Bd6 18. Qe2 Rde8 19. Ne5 Bxe5 20. dxe5 Qf5 21. f4 g5
22. g3 Re6 23. bxa7 Kc7 24. Nc2 Ra8 25. Nd4 Qg6 26. f5 Rxe5 27. Qxe5+ 1-0

[Event "AUTO-INT-1637"]
[Site "http://www.queenalice.com/game.php?id=744491"]
[Date "2010.3.11"]
[Round "1"]
[White "cmnetto"]
[Black "colorado"]
[Result "1-0"]
[WhiteElo "1809"]
[BlackElo "1454"]

1. d4 e6 2. e4 Nf6 3. e5 Nd5 4. Bc4 f5 5. Bxd5 exd5 6. Nf3 d6 7. Nc3 h6 8. O-O
dxe5 9. Nxe5 Qf6 10. Re1 Kd8 11. Nxd5 Qe6 12. c4 Nc6 13. Bf4 g5 14. Nxc6+ Qxc6
15. Bxc7+ Kd7 16. Be5 b5 17. Nf6+ Kd8 18. cxb5 Qxb5 19. Qh5 Bb4 20. Red1 a5 21.
Qf7 h5 22. a3 Rf8 23. Qc7# 1-0

[Event "AUTO-INT-1637"]
[Site "http://www.queenalice.com/game.php?id=744492"]
[Date "2010.3.11"]
[Round "1"]
[White "colorado"]
[Black "cmnetto"]
[Result "0-1"]
[WhiteElo "1482"]
[BlackElo "1755"]

1. e4 c5 2. c3 Nc6 3. Bc4 Nf6 4. Bd3 e6 5. Nf3 Be7 6. Na3 a6 7. e5 Nd5 8. Qc2
O-O 9. Bxh7+ Kh8 10. d4 g6 11. Ng5 Bxg5 12. Bxg5 Qxg5 13. O-O Kxh7 14. Nc4 Nf4
15. Ne3 cxd4 16. Nc4 Qxg2# 0-1

[Event "AUTO-INT-1637"]
[Site "http://www.queenalice.com/game.php?id=744503"]
[Date "2010.3.11"]
[Round "1"]
[White "colorado"]
[Black "code_5541"]
[Result "0-1"]
[WhiteElo "1448"]
[BlackElo "1701"]

1. e4 e5 2. Bc4 Nf6 3. Nc3 Bc5 4. Nf3 d6 5. Ng5 Be6 6. Bxe6 fxe6 7. Nxe6 Qe7 8.
Nxc5 dxc5 9. Nd5 Nxd5 10. exd5 O-O 11. d3 Qf7 12. O-O Qxd5 13. c4 Qc6 14. a4 Nd7
15. b3 e4 16. dxe4 Rfe8 17. Qd5+ Qxd5 18. exd5 Ne5 19. Bf4 Rac8 20. Ra2 Nd3 21.
Be3 b6 22. Rd2 Nb4 23. h4 Rcd8 24. f4 Rxe3 25. f5 Rxb3 26. f6 Rf8 27. Rdf2 gxf6
28. g4 Rg3+ 29. Kh2 Rxg4 30. Kh3 Rxc4 31. h5 Nd3 32. Rxf6 Rxf6 33. Rxf6 Nb4 34.
h6 Nxd5 35. Rf5 Ne7 36. Re5 Ng6 37. Re8+ Nf8 38. Rc8 Rxa4 39. Rxc7 c4 40. Rg7+
Kh8 41. Rf7 Ng6 42. Kg4 c3+ 43. Kg5 Ra5+ 44. Kg4 Kg8 45. Rf2 Rc5 46. Rc2 a5 47.
Kf3 b5 48. Ke3 b4 49. Kd4 Rh5 50. Ra2 Kf7 51. Rf2+ Ke6 52. Kc4 Ne7 53. Re2+ Kd6
54. Kb3 Rxh6 55. Ka4 Rh5 56. Re1 Nc6 57. Rf1 c2 58. Rc1 Rc5 59. Kb3 Rc3+ 0-1

[Event "AUTO-INT-1637"]
[Site "http://www.queenalice.com/game.php?id=744504"]
[Date "2010.3.11"]
[Round "1"]
[White "code_5541"]
[Black "colorado"]
[Result "1-0"]
[WhiteElo "1689"]
[BlackElo "1477"]

1. e4 e5 2. Nf3 d6 3. Bc4 Nf6 4. d3 c5 5. h3 Nc6 6. O-O a6 7. Nc3 Be6 8. Bb3 Nd4
9. Nxd4 exd4 10. Ne2 Bxb3 11. axb3 a5 12. Bd2 h6 13. c3 d5 14. Qe1 dxe4 15. dxe4
Nxe4 16. Ng3 Qh4 17. Nxe4 O-O-O 18. Nxc5 Bxc5 19. Qe5 b6 20. Qxg7 f5 21. b4 dxc3
22. bxc5 cxd2 23. cxb6 Rhg8 24. Qc7# 1-0

[Event "AUTO-INT-1654"]
[Site "http://www.queenalice.com/game.php?id=752278"]
[Date "2010.3.27"]
[Round "1"]
[White "aknightout"]
[Black "colorado"]
[Result "1-0"]
[WhiteElo "1938"]
[BlackElo "1450"]

1. e4 e5 2. Nf3 d6 3. g3 Bg4 4. Bg2 Nc6 5. h3 Be6 6. O-O Nf6 7. d3 h6 8. Nh4 Nd4
9. c3 Nc6 10. d4 Bc4 11. Re1 g5 12. Nf5 b5 13. Ne3 exd4 14. Nxc4 bxc4 15. e5 Nd7
16. Bxc6 1-0

[Event "AUTO-INT-1654"]
[Site "http://www.queenalice.com/game.php?id=752279"]
[Date "2010.3.27"]
[Round "1"]
[White "colorado"]
[Black "aknightout"]
[Result "0-1"]
[WhiteElo "1452"]
[BlackElo "1936"]

1. e4 e5 2. Nf3 Nc6 3. c3 g6 4. b4 Bg7 5. Bc4 Nf6 6. Ng5 O-O 7. Qf3 d6 8. b5 Bg4
9. Qe3 Ne7 10. f3 Bd7 11. a4 d5 12. exd5 Nfxd5 13. Qc5 Bf5 14. g4 b6 15. Qf2 Bc8
16. Qh4 h6 0-1

[Event "AUTO-INT-1654"]
[Site "http://www.queenalice.com/game.php?id=752286"]
[Date "2010.3.27"]
[Round "1"]
[White "kingmartinIII"]
[Black "colorado"]
[Result "1-0"]
[WhiteElo "1495"]
[BlackElo "1469"]

1. e4 e5 2. Nf3 f6 3. d3 Nh6 4. Be3 g5 5. Nc3 c6 6. Na4 Qa5+ 7. Nc3 b5 8. d4 b4
9. Ne2 b3+ 10. Nc3 Ng4 11. axb3 Qb4 12. h3 c5 13. dxc5 Bxc5 14. hxg4 Nc6 15. Bc4
d6 16. O-O Bxg4 17. Bxc5 Qxc5 18. Nd5 Nd4 19. Qd3 Rf8 20. Nh2 Be2 21. Qh3 Bxf1
22. Kxf1 Nxc2 23. Rc1 Nd4 24. Qxh7 O-O-O 25. Ba6+ Kb8 26. Qb7# 1-0

[Event "AUTO-INT-1654"]
[Site "http://www.queenalice.com/game.php?id=752287"]
[Date "2010.3.27"]
[Round "1"]
[White "colorado"]
[Black "kingmartinIII"]
[Result "0-1"]
[WhiteElo "1449"]
[BlackElo "1400"]

1. e4 e5 2. Nf3 f6 3. d3 Bc5 4. Be3 b6 5. d4 Bxd4 6. Nxd4 exd4 7. Qxd4 Ne7 8. e5
O-O 9. exf6 Rxf6 10. Nc3 Bb7 11. Qg4 c5 12. Bc4+ d5 13. O-O-O Kf8 14. Nxd5 Bxd5
15. Rd2 a5 16. Rhd1 Qe8 17. Bd3 Nec6 18. Bxh7 Bxa2 19. b3 a4 20. Rd3 Ne5 21. Qe4
Nxd3+ 22. Rxd3 Qb5 23. Qxa8 Qe8 24. Kb2 Bxb3 25. cxb3 axb3 26. f3 Nc6 27. Qxe8+
Kxe8 28. Be4 Nb4 29. Rxb3 Na6 30. h4 c4 31. Rc3 b5 32. g4 Nc7 33. g5 Ra6 34. Ra3
Ra4 35. Rxa4 bxa4 36. Bc6+ Ke7 37. Bxa4 Nd5 38. Bd4 Ke6 39. Bxg7 Nf4 40. Kc3 Kf7
41. Bd4 Ke6 42. Kxc4 Nh3 43. g6 Ke7 44. Bb3 Nf4 45. h5 Nxh5 46. Kc3 Kf8 47. g7+
Nxg7 48. Bxg7+ Kxg7 49. f4 Kf6 50. Kd3 Kf5 51. Ke3 Kg4 52. Be6+ Kg3 53. f5 Kg4
0-1